00536nam a2200181Ia 450000500170000000800410001702000150005808200150007324500370008826000430012530000180016865000130018665000140019970000230021394200060023695200970024299900150033920240718083115.0240331s9999 xx 000 0 und d a812120481X a200.5bREL 0aReligious fundamentalism in Asia aNew DelhibGyan Publishing Housec1994 axiv, 294 p ., aReligion aSociology aChopra, V D. eedt cL 001040708LaWERCLbWERCLcSSCd2024-03-31l0o 200.5 RELp3923r2024-03-31w2024-03-31yL c1308d1308